000 01454nam a2200313 a 4500
001 BRCA_2897
005 20190320204023.0
008 111208s1850----gw-#---###---#000-0#ger-u
041 _ager
044 _agw
084 _a288
_b.M48
_c1850
100 1 _aCervantes Saavedra, Miguel de
_d1547-1616
_9213
245 1 0 _aDer Sinnreiche Junker Don Quixote von der Mancha
_cvon Miguel de Cervantes Saavedra.
260 _aStuttgart
_bJ. B. Metzler´schen Buchhandlung
_c1850
300 _a2 v.
_c15 cm.
500 _aContenido : v 1. Primera parte. Dedicatoria del autor. Prólogo del autor. Versos preliminares. Texto. -- v 2. Texto. Segunda parte. Dedicatoria del autor. Prólogo del autor. Texto
500 _aEdición : Aus dem spanischen von Adelbert Keller
500 _aSegunda edición de la traducción de A. Keller, copia de la primera del año 1839. Tela; lomeras y tapas decoradas con adornos dorados Lúdovik Osterc
500 _aEstado físico : El volúmen 1 presenta la cubierta, lomo y primeras hojas desprendidas de la encuadernación
500 _aQM519
546 _aTexto en : alemán
650 1 4 _aNovela española
_yÉpoca clásica, 1500-1700
_9215
650 1 4 _aLiteratura española
_yÉpoca clásica, 1500-1700
_9216
650 1 4 _aNovela española
_ySiglo XVII
_9217
650 1 4 _aDon Quijote (Personaje ficticio)
_eNovela
_9218
740 0 _aEl Ingenioso Hidalgo Don Quijote de la Mancha
902 _aQFM
942 _2lcc
_cB
999 _c2636
_d2636